[Event "RUS-Cup 300 years"]
[Site "St Petersburg"]
[Date "2003.10.22"]
[Round "5"]
[White "Aseev, Konstantin N"]
[Black "Khromkin, Andrey"]
[Result "1-0"]
[WhiteElo "2535"]
[BlackElo "2350"]
[PlyCount "47"]
[EventDate "2003.10.18"]
[EventType "swiss"]
[EventRounds "9"]
[EventCountry "RUS"]
[SourceTitle "EXT 2004"]
[Source "ChessBase"]
[SourceDate "2003.11.25"]
[SourceVersion "1"]
[SourceVersionDate "2003.11.25"]
[SourceQuality "1"]

1. c4 c5 2. Nf3 Nc6 3. d4 cxd4 4. Nxd4 g6 5. e4 Bg7 6. Be3 Nf6 7. Nc3 Ng4 8. Qxg4 Nxd4 9. Qd1 Ne6 10. Qd2 Qa5 11. Rc1 d6 12. b3 Bd7 13. Be2 Bc6 14. f3 f5 15. exf5 gxf5 16. Nd5 Qxd2+ 17. Kxd2 Kd7 18. Bd3 Rhf8 19. Rhe1 Rf7 20. b4 Bxd5 21. cxd5 Nc7 22. Bg5 Nxd5 23. Bb5+ Kd8 24. Bc4 1-0

[Event "RUS-Cup 300 years"]
[Site "St Petersburg"]
[Date "2003.10.21"]
[Round "4"]
[White "Feoktistov, Alexey A"]
[Black "Aseev, Konstantin N"]
[Result "1/2-1/2"]
[WhiteElo "2435"]
[BlackElo "2535"]
[PlyCount "141"]
[EventDate "2003.10.18"]
[EventType "swiss"]
[EventRounds "9"]
[EventCountry "RUS"]
[SourceTitle "EXT 2004"]
[Source "ChessBase"]
[SourceDate "2003.11.25"]
[SourceVersion "1"]
[SourceVersionDate "2003.11.25"]
[SourceQuality "1"]

1. d4 Nf6 2. c4 e6 3. Nf3 b6 4. a3 Bb7 5. Nc3 d5 6. Bg5 Be7 7. Bxf6 Bxf6 8. cxd5 exd5 9. Qb3 0-0 10. e3 Qd6 11. Rc1 a6 12. Bd3 Nd7 13. 0-0 c5 14. Bb1 g6 15. dxc5 Nxc5 16. Qb4 a5 17. Qg4 Nb3 18. Rc2 Rac8 19. Nb5 Qe7 20. Nbd4 Rxc2 21. Bxc2 Nxd4 22. Nxd4 Rc8 23. Bb3 Rc5 24. Rd1 Qc7 25. h3 Rc1 26. Qe2 Qc5 27. Qd2 Rxd1+ 28. Bxd1 Kg7 29. b4 axb4 30. axb4 Qc7 31. Bf3 Qc4 32. Be2 Qc7 33. f4 h5 34. g3 Be7 35. Kf2 Kg8 36. h4 Qd6 37. Qc3 Bf8 38. Nc2 Qc6 39. Qxc6 Bxc6 40. Nd4 Bd7 41. b5 Bc5 42. Nc6 Bf5 43. Bf3 Be4 44. Ne5 Kf8 45. Nc6 Ke8 46. Be2 Kd7 47. g4 hxg4 48. Bxg4+ Kd6 49. h5 gxh5 50. Bxh5 f6 51. Be2 Ba3 52. Nb8 Bb2 53. Bf1 d4 54. exd4 Bxd4+ 55. Kg3 Bf5 56. Kf3 Bb2 57. Na6 Ba3 58. Bc4 Bc5 59. Kg3 Be3 60. Kf3 Bd2 61. Kg3 Bc8 62. Kf3 f5 63. Kg3 Bb7 64. Bd3 Be4 65. Bc4 Bc2 66. Bf1 Be4 67. Bc4 Be1+ 68. Kh3 Bf3 69. Kh2 Bf2 70. Kh3 Be1 71. Kh2 1/2-1/2

[Event "St Petersburg-Moscow"]
[Site "St Petersburg"]
[Date "2003.05.03"]
[Round "1"]
[White "Aseev, Konstantin N"]
[Black "Deviatkin, Andrei"]
[Result "0-1"]
[WhiteElo "2539"]
[BlackElo "2526"]
[PlyCount "134"]
[EventDate "2003.05.03"]
[EventType "team"]
[EventRounds "2"]
[EventCountry "RUS"]
[SourceTitle "CBM 095"]
[Source "ChessBase"]
[SourceDate "2003.07.25"]
[SourceVersion "1"]
[SourceVersionDate "2003.07.25"]
[SourceQuality "1"]

1. d4 d5 2. c4 c6 3. Nf3 Nf6 4. Nc3 dxc4 5. a4 Bf5 6. e3 e6 7. Bxc4 Bb4 8. 0-0 Nbd7 9. Nh4 0-0 10. f3 Bg6 11. Nxg6 hxg6 12. e4 e5 13. Be3 Qe7 14. Ne2 Rfd8 15. Qb3 exd4 16. Nxd4 Ne5 17. Rfd1 Bc5 18. Be2 Rd7 19. Kh1 Rad8 20. Qc3 b6 21. a5 Qf8 22. axb6 axb6 23. Nc2 Rxd1+ 24. Rxd1 Rxd1+ 25. Bxd1 Bxe3 26. Nxe3 Qd6 27. Be2 g5 28. Nf5 Qe6 29. Qd2 g4 30. Qd8+ Kh7 31. Qxb6 Qa2 32. Kg1 Qb1+ 33. Kf2 gxf3 34. gxf3 Qh1 35. Qc7 Qxh2+ 36. Kf1 Qh1+ 37. Kf2 Qh2+ 38. Kf1 Nxf3 39. Qxh2+ Nxh2+ 40. Kf2 Nhg4+ 41. Kg3 Ne5 42. Kf4 Nfd7 43. b4 Kg6 44. b5 Kf6 45. bxc6 Nxc6 46. Bb5 Nde5 47. Bxc6 Nxc6 48. Ne3 Ne7 49. Ng4+ Ke6 50. Kg5 Nc8 51. Kf4 Nd6 52. Nh2 Nc4 53. Nf3 f6 54. Nd4+ Kf7 55. Nf3 Kg6 56. Nh4+ Kh5 57. Nf5 g6 58. Ng7+ Kh4 59. Nf5+ Kh3 60. Ne7 g5+ 61. Kf5 g4 62. Nd5 Nd6+ 63. Kxf6 Nxe4+ 64. Kf5 Ng3+ 65. Kg5 Ne2 66. Ne3 g3 67. Kh5 Nf4+ 0-1

[Event "St Petersburg-ch"]
[Site "St Petersburg"]
[Date "2003.04.26"]
[Round "11"]
[White "Yevseev, Denis"]
[Black "Aseev, Konstantin N"]
[Result "1-0"]
[WhiteElo "2580"]
[BlackElo "2539"]
[PlyCount "81"]
[EventDate "2003.04.16"]
[EventType "tourn"]
[EventRounds "13"]
[EventCountry "RUS"]
[EventCategory "11"]
[SourceTitle "CBM 095"]
[Source "ChessBase"]
[SourceDate "2003.07.25"]
[SourceVersion "1"]
[SourceVersionDate "2003.07.25"]
[SourceQuality "1"]

1. d4 Nf6 2. c4 e6 3. g3 Bb4+ 4. Bd2 Bxd2+ 5. Qxd2 d5 6. Bg2 0-0 7. Nf3 Qe7 8. 0-0 Rd8 9. Rc1 b6 10. cxd5 exd5 11. Qf4 c6 12. Ne5 Bb7 13. Nd2 Nfd7 14. Ndf3 Nxe5 15. Qxe5 Qf8 16. Qc7 Rd7 17. Qf4 f6 18. Rc3 Na6 19. a3 Re8 20. Qd2 Nc7 21. e3 Nb5 22. Rc2 Nd6 23. Ne1 Ne4 24. Qb4 Qf7 25. Nd3 h5 26. Qb3 h4 27. a4 hxg3 28. hxg3 g5 29. a5 b5 30. a6 Ba8 31. Nb4 Qh5 32. Nxc6 Kg7 33. Nb4 Rh8 34. Rac1 Kg6 35. Qd3 Rdh7 36. Qd1 g4 37. Kf1 Ng5 38. Qd3+ f5 39. Nc6 Bxc6 40. Rxc6+ Kg7 41. Qxf5 1-0

[Event "St Petersburg-ch"]
[Site "St Petersburg"]
[Date "2003.04.19"]
[Round "4"]
[White "Aseev, Konstantin N"]
[Black "Ivanov, Sergey"]
[Result "1/2-1/2"]
[WhiteElo "2539"]
[BlackElo "2557"]
[PlyCount "119"]
[EventDate "2003.04.16"]
[EventType "tourn"]
[EventRounds "13"]
[EventCountry "RUS"]
[EventCategory "11"]
[SourceTitle "CBM 095"]
[Source "ChessBase"]
[SourceDate "2003.07.25"]
[SourceVersion "1"]
[SourceVersionDate "2003.07.25"]
[SourceQuality "1"]

1. e4 e6 2. d4 d5 3. Nc3 Bb4 4. e5 c5 5. a3 cxd4 6. axb4 dxc3 7. Qg4 Ne7 8. Qxg7 Rg8 9. Qxh7 Qc7 10. Ne2 Qxe5 11. bxc3 Nbc6 12. Be3 Qf6 13. Qh6 Rg6 14. Qf4 Nf5 15. b5 e5 16. Qa4 Nxe3 17. fxe3 Rg4 18. Qb3 Ne7 19. b6 a6 20. Ng3 Bd7 21. Be2 Rg6 22. c4 Qxb6 23. cxd5 Qxb3 24. cxb3 Nxd5 25. Kf2 Rc8 26. Rhc1 Rgc6 27. Rxc6 Rxc6 28. Bf3 Be6 29. Ne4 Rc2+ 30. Kg1 Nxe3 31. Re1 Nf5 32. Ng5 Bxb3 33. Rxe5+ Ne7 34. Bxb7 f6 35. Re3 Bc4 36. Nf3 a5 37. h3 Kf7 38. Nd4 Rb2 39. Bf3 a4 40. Bh5+ Kf8 41. Ne6+ Bxe6 42. Rxe6 Nd5 43. Ra6 Ra2 44. Bf3 Nb4 45. Rxf6+ Ke7 46. Rb6 Rb2 47. Rb7+ Kf6 48. Ra7 Ra2 49. Kh2 a3 50. Ra4 Nd3 51. h4 Ra1 52. Kg3 Ke5 53. Re4+ Kf6 54. Ra4 Ke5 55. h5 a2 56. Ra5+ Kf6 57. Ra6+ Ke5 58. Ra5+ Kf6 59. Ra6+ Ke5 60. Ra5+ 1/2-1/2

[Event "St Petersburg-ch"]
[Site "St Petersburg"]
[Date "2003.04.18"]
[Round "3"]
[White "Sergeev, Veniamin"]
[Black "Aseev, Konstantin N"]
[Result "1/2-1/2"]
[WhiteElo "2426"]
[BlackElo "2539"]
[PlyCount "49"]
[EventDate "2003.04.16"]
[EventType "tourn"]
[EventRounds "13"]
[EventCountry "RUS"]
[EventCategory "11"]
[SourceTitle "CBM 095"]
[Source "ChessBase"]
[SourceDate "2003.07.25"]
[SourceVersion "1"]
[SourceVersionDate "2003.07.25"]
[SourceQuality "1"]

1. d4 Nf6 2. c4 e6 3. Nc3 Bb4 4. Qc2 0-0 5. a3 Bxc3+ 6. Qxc3 d6 7. f3 c5 8. dxc5 dxc5 9. Bg5 Nc6 10. e3 e5 11. Bd3 h6 12. Bh4 Be6 13. Ne2 Qa5 14. b3 Rfd8 15. Bc2 b5 16. Bxf6 gxf6 17. cxb5 Qxb5 18. Kf2 Ne7 19. Rhd1 Nd5 20. Qd3 Qxd3 21. Rxd3 Nb6 22. Rxd8+ Rxd8 23. Rd1 Rb8 24. Nc3 Kf8 25. Ke2 1/2-1/2

[Event "Cappelle op 19th"]
[Site "Cappelle la Grande"]
[Date "2003.02.26"]
[Round "6"]
[White "Mista, Aleksander"]
[Black "Aseev, Konstantin N"]
[Result "1-0"]
[WhiteElo "2419"]
[BlackElo "2556"]
[PlyCount "85"]
[EventDate "2003.02.22"]
[EventType "swiss"]
[EventRounds "9"]
[EventCountry "FRA"]
[SourceTitle "CBM 092 Extra"]
[Source "ChessBase"]
[SourceDate "2003.03.07"]
[SourceVersion "1"]
[SourceVersionDate "2003.03.07"]
[SourceQuality "1"]

1. e4 c5 2. Nf3 Nc6 3. d4 cxd4 4. Nxd4 Nf6 5. Nc3 d6 6. Bg5 e6 7. Qd2 Be7 8. 0-0-0 0-0 9. f4 Nxd4 10. Qxd4 a6 11. Kb1 b5 12. Bxf6 Bxf6 13. Qxd6 Bb7 14. Qxd8 Bxd8 15. Bd3 Ba5 16. Rhf1 Bxc3 17. bxc3 Rac8 18. Kb2 Rc5 19. Ra1 Bc6 20. Rfe1 Rh5 21. h3 Rh4 22. Rf1 g5 23. f5 h6 24. Rae1 Re8 25. Re3 Rf4 26. Rfe1 exf5 27. g3 Rfxe4 28. Bxe4 fxe4 29. g4 Kg7 30. Kb3 h5 31. Rd1 Re6 32. c4 hxg4 33. hxg4 Kf6 34. Rf1+ Kg6 35. cxb5 axb5 36. c4 Re5 37. Rd1 bxc4+ 38. Kxc4 Bb5+ 39. Kb4 f6 40. a4 Bd3 41. Rdxd3 exd3 42. Rxe5 fxe5 43. Kc3 1-0

[Event "Cappelle op 19th"]
[Site "Cappelle la Grande"]
[Date "2003.02.25"]
[Round "5"]
[White "Aseev, Konstantin N"]
[Black "Nalbandian, Tigran"]
[Result "1-0"]
[WhiteElo "2556"]
[BlackElo "2465"]
[PlyCount "97"]
[EventDate "2003.02.22"]
[EventType "swiss"]
[EventRounds "9"]
[EventCountry "FRA"]
[SourceTitle "CBM 092 Extra"]
[Source "ChessBase"]
[SourceDate "2003.03.07"]
[SourceVersion "1"]
[SourceVersionDate "2003.03.07"]
[SourceQuality "1"]

1. d4 Nf6 2. c4 g6 3. Nc3 Bg7 4. e4 d6 5. Nf3 0-0 6. Be2 e5 7. 0-0 Qe8 8. dxe5 dxe5 9. b4 Nc6 10. b5 Nd4 11. Ba3 c6 12. Re1 Nxe2+ 13. Qxe2 Nh5 14. Qe3 f6 15. bxc6 bxc6 16. Bxf8 Bxf8 17. Nd2 Nf4 18. Nb3 Ba6 19. Ne2 Ne6 20. Rac1 Ba3 21. Rc2 Qd8 22. Rd2 Qb6 23. c5 Nxc5 24. Nxc5 Bxc5 25. Qf3 Rf8 26. Ng3 Bd4 27. h4 h5 28. Rc1 Kg7 29. Rdd1 c5 30. Rb1 Qe6 31. Ne2 Rd8 32. Nc3 Qg4 33. Nd5 f5 34. Qa3 Qe2 35. Rxd4 exd4 36. Qxc5 Kh6 37. Qe7 Qxe4 38. Qg5+ Kg7 39. Qf6+ Kh6 40. Qxd8 Qxb1+ 41. Kh2 Qb7 42. Nc7 Kh7 43. Qe7+ Kg8 44. Qe6+ Kg7 45. Nxa6 d3 46. Qe5+ Kh7 47. Nc5 Qb4 48. Qe7+ Kh6 49. Qg5+ 1-0

[Event "Heart of Finland op 13th"]
[Site "Jyvaskyla"]
[Date "2003.??.??"]
[Round "7"]
[White "Karttunen, Mika"]
[Black "Aseev, Konstantin N"]
[Result "0-1"]
[WhiteElo "2396"]
[BlackElo "2556"]
[PlyCount "116"]
[EventDate "2003.07.09"]
[EventType "swiss"]
[EventRounds "9"]
[EventCountry "FIN"]
[SourceTitle "EXT 2005"]
[Source "ChessBase"]
[SourceDate "2004.11.15"]
[SourceVersion "1"]
[SourceVersionDate "2004.11.15"]
[SourceQuality "1"]

1. d4 Nf6 2. Bg5 e6 3. e4 h6 4. Bxf6 Qxf6 5. Qd2 d5 6. Nc3 Bb4 7. e5 Qd8 8. a3 Be7 9. Nf3 b6 10. Bd3 c5 11. Nd1 Ba6 12. Bxa6 Nxa6 13. c3 Nb8 14. 0-0 Nc6 15. Ne3 a5 16. Ne1 g6 17. f4 h5 18. Nf3 b5 19. g3 cxd4 20. cxd4 a4 21. Qd3 Qb6 22. h3 Na5 23. g4 hxg4 24. hxg4 Nc4 25. Rf2 Kd7 26. Kg2 Rh7 27. g5 Nxe3+ 28. Qxe3 Rhh8 29. Rc1 Rac8 30. Rfc2 Rxc2+ 31. Rxc2 b4 32. axb4 Bxb4 33. Qd3 Ra8 34. Rc1 Qa6 35. Qc2 Rc8 36. Qxc8+ Qxc8 37. Rxc8 Kxc8 38. Kf2 Kd7 39. Ke2 Kc6 40. Kd3 Kb5 41. Nh2 Be1 42. Ng4 Kb4 43. Kc2 Kc4 44. Nh6 Kxd4 45. f5 Kxe5 46. f6 Bb4 47. Nxf7+ Kf5 48. Nd8 Bd6 49. f7 Bf8 50. Kc3 e5 51. Kd3 Bg7 52. Nb7 e4+ 53. Ke2 Bf8 54. Nd8 Ke5 55. Ke3 d4+ 56. Kd2 Kd5 57. Kc2 Bb4 58. Kd1 d3 0-1

[Event "Bayern-chI Bank Hofmann 6th"]
[Site "Bad Wiessee"]
[Date "2002.11.02"]
[Round "8"]
[White "Aseev, Konstantin N"]
[Black "Wachinger, Guenther"]
[Result "1-0"]
[WhiteElo "2571"]
[BlackElo "2232"]
[PlyCount "37"]
[EventDate "2002.10.26"]
[EventType "swiss"]
[EventRounds "9"]
[EventCountry "GER"]
[SourceTitle "EXT 2003"]
[Source "ChessBase"]
[SourceDate "2002.11.25"]
[SourceVersion "1"]
[SourceVersionDate "2002.11.25"]
[SourceQuality "1"]

1. d4 d5 2. c4 c6 3. Nf3 Nf6 4. Nc3 a6 5. cxd5 cxd5 6. Bg5 Ne4 7. Bh4 Nxc3 8. bxc3 Qa5 9. Qb3 Nc6 10. e3 Bg4 11. Bd3 e6 12. 0-0 b5 13. a4 b4 14. Ne5 Nxe5 15. dxe5 Bc5 16. cxb4 Bxb4 17. Rab1 Rb8 18. f3 Bh5 19. Be1 1-0

[Event "Bayern-chI Bank Hofmann 6th"]
[Site "Bad Wiessee"]
[Date "2002.11.01"]
[Round "7"]
[White "Hermann, Manfred"]
[Black "Aseev, Konstantin N"]
[Result "1/2-1/2"]
[WhiteElo "2338"]
[BlackElo "2571"]
[PlyCount "41"]
[EventDate "2002.10.26"]
[EventType "swiss"]
[EventRounds "9"]
[EventCountry "GER"]
[SourceTitle "EXT 2003"]
[Source "ChessBase"]
[SourceDate "2002.11.25"]
[SourceVersion "1"]
[SourceVersionDate "2002.11.25"]
[SourceQuality "1"]

1. e4 c5 2. c3 d5 3. exd5 Qxd5 4. d4 Nf6 5. Nf3 e6 6. Bd3 cxd4 7. cxd4 Nc6 8. 0-0 Be7 9. Nc3 Qd8 10. a3 0-0 11. Re1 b6 12. Ne5 Nxd4 13. Be3 Nf5 14. Qf3 Rb8 15. Bxf5 exf5 16. Rad1 Qe8 17. Nc6 Bb7 18. Nxe7+ Qxe7 19. Qxf5 Rfe8 20. f3 Rbd8 21. Bf2 1/2-1/2

[Event "Bayern-chI Bank Hofmann 6th"]
[Site "Bad Wiessee"]
[Date "2002.10.28"]
[Round "3"]
[White "Aseev, Konstantin N"]
[Black "Heimrath, Reiner"]
[Result "0-1"]
[WhiteElo "2571"]
[BlackElo "2307"]
[PlyCount "70"]
[EventDate "2002.10.26"]
[EventType "swiss"]
[EventRounds "9"]
[EventCountry "GER"]
[SourceTitle "EXT 2003"]
[Source "ChessBase"]
[SourceDate "2002.11.25"]
[SourceVersion "1"]
[SourceVersionDate "2002.11.25"]
[SourceQuality "1"]

1. d4 Nf6 2. c4 c6 3. Nc3 d5 4. Nf3 e6 5. Bg5 Be7 6. e3 Nbd7 7. Rc1 Nf8 8. Bd3 Ng6 9. 0-0 0-0 10. Qe2 a6 11. Rfd1 b5 12. cxd5 cxd5 13. a3 Bb7 14. Na2 Qb6 15. Ne5 Rfc8 16. b4 Qd8 17. Bxg6 hxg6 18. Nd3 Rc4 19. Ne5 Rcc8 20. Qb2 Qe8 21. Nd3 Rc4 22. Ne5 Rcc8 23. h3 Bd6 24. Bf4 Qe7 25. Nd3 Bxf4 26. exf4 Ne8 27. Rxc8 Rxc8 28. Nc5 Nd6 29. Nc1 Rd8 30. N1d3 Bc6 31. Ne5 Be8 32. Qc3 Qa7 33. Ned3 Rc8 34. Qe1 Rd8 35. Ra1 Nc4 0-1

[Event "Bayern-chI Bank Hofmann 6th"]
[Site "Bad Wiessee"]
[Date "2002.10.27"]
[Round "2"]
[White "Bonacci, Mauro"]
[Black "Aseev, Konstantin N"]
[Result "0-1"]
[WhiteElo "2203"]
[BlackElo "2571"]
[PlyCount "78"]
[EventDate "2002.10.26"]
[EventType "swiss"]
[EventRounds "9"]
[EventCountry "GER"]
[SourceTitle "EXT 2003"]
[Source "ChessBase"]
[SourceDate "2002.11.25"]
[SourceVersion "1"]
[SourceVersionDate "2002.11.25"]
[SourceQuality "1"]

1. e4 c5 2. Nf3 Nc6 3. d4 cxd4 4. Nxd4 Nf6 5. Nc3 d6 6. Be2 e5 7. Nb3 Be7 8. 0-0 0-0 9. Be3 Be6 10. f4 exf4 11. Rxf4 Nd7 12. Rf1 Nde5 13. Nd5 Bg5 14. Qd2 Bxe3+ 15. Nxe3 g6 16. Kh1 Qh4 17. Nd5 Bxd5 18. exd5 Nb8 19. Rf4 Qe7 20. Raf1 Nbd7 21. Nd4 Rac8 22. b3 Nc5 23. Qe3 Nc6 24. Qxe7 Nxe7 25. c4 a6 26. b4 Nd7 27. Re4 Rfe8 28. Rd1 Nb6 29. Nb3 Nexd5 30. Bf3 Rxe4 31. Bxe4 Nc3 32. Rxd6 Nxc4 33. Rd4 Nxe4 34. Rxe4 Nd2 35. Re1 Nxb3 36. axb3 Rc3 37. Rb1 Rd3 38. Kg1 Rd4 39. b5 a5 0-1

[Event "RUS-ch"]
[Site "Krasnodar"]
[Date "2002.08.30"]
[Round "4"]
[White "Hasangatin, Ramil"]
[Black "Aseev, Konstantin N"]
[Result "1/2-1/2"]
[WhiteElo "2517"]
[BlackElo "2575"]
[PlyCount "72"]
[EventDate "2002.08.27"]
[EventType "swiss"]
[EventRounds "9"]
[EventCountry "RUS"]
[SourceTitle "CBM 091"]
[Source "ChessBase"]
[SourceDate "2002.11.12"]
[SourceVersion "1"]
[SourceVersionDate "2002.11.12"]
[SourceQuality "1"]

1. e4 c5 2. Nf3 Nc6 3. Bb5 d6 4. Bxc6+ bxc6 5. 0-0 e5 6. c3 Nf6 7. Re1 Bg4 8. h3 Bxf3 9. Qxf3 Be7 10. Qd1 0-0 11. d4 exd4 12. cxd4 cxd4 13. Qxd4 d5 14. exd5 Nxd5 15. Nd2 Bf6 16. Qa4 Qb6 17. Nc4 Qc5 18. Be3 Nxe3 19. Rxe3 Rab8 20. Rb3 Bd4 21. Rf1 Rbe8 22. Qb4 Qxb4 23. Rxb4 Re2 24. a3 g6 25. b3 Rd8 26. Rb7 Rd5 27. g4 Rb5 28. Rd7 Rd5 29. Rc7 Re6 30. Kg2 h5 31. Rd1 hxg4 32. hxg4 Re2 33. Rd2 Rxd2 34. Nxd2 Bxf2 35. Ne4 Bd4 36. Rxc6 Kg7 1/2-1/2

[Event "RUS-ch"]
[Site "Krasnodar"]
[Date "2002.08.29"]
[Round "3"]
[White "Aseev, Konstantin N"]
[Black "Makarov, Marat"]
[Result "1/2-1/2"]
[WhiteElo "2575"]
[BlackElo "2512"]
[PlyCount "34"]
[EventDate "2002.08.27"]
[EventType "swiss"]
[EventRounds "9"]
[EventCountry "RUS"]
[SourceTitle "CBM 091"]
[Source "ChessBase"]
[SourceDate "2002.11.12"]
[SourceVersion "1"]
[SourceVersionDate "2002.11.12"]
[SourceQuality "1"]

1. d4 d5 2. c4 dxc4 3. e4 Nf6 4. e5 Nd5 5. Bxc4 Nb6 6. Bd3 Nc6 7. Ne2 Bg4 8. f3 Be6 9. Nbc3 Bd5 10. 0-0 e6 11. a3 Qd7 12. Qc2 Bc4 13. Bxc4 Nxc4 14. Rd1 Nb6 15. Be3 Ne7 16. Nf4 c6 17. Bf2 Nbd5 1/2-1/2

[Event "Petrov Memorial op"]
[Site "St Petersburg"]
[Date "2002.02.19"]
[Round "8"]
[White "Riazantsev, Alexander"]
[Black "Aseev, Konstantin N"]
[Result "1-0"]
[WhiteElo "2511"]
[BlackElo "2591"]
[PlyCount "105"]
[EventDate "2002.02.12"]
[EventType "swiss"]
[EventRounds "9"]
[EventCountry "RUS"]
[SourceTitle "CBM 086 Extra"]
[Source "ChessBase"]
[SourceDate "2002.03.14"]
[SourceVersion "1"]
[SourceVersionDate "2002.03.14"]
[SourceQuality "1"]

1. d4 Nf6 2. c4 e6 3. Nf3 b6 4. a3 Bb7 5. Nc3 d5 6. Bg5 Be7 7. Bxf6 Bxf6 8. cxd5 exd5 9. Qb3 0-0 10. Rd1 Qd7 11. g3 Rd8 12. Bg2 c5 13. 0-0 Na6 14. e3 Bc6 15. Rd2 Nc7 16. Qc2 Ne6 17. Rfd1 cxd4 18. exd4 Rac8 19. Qd3 Qd6 20. Re1 Re8 21. Rde2 Nc7 22. Ne5 Bb7 23. Re3 g6 24. Qd1 a6 25. Qf3 Kg7 26. h4 h5 27. Bh3 Rcd8 28. R3e2 Re7 29. Qf4 Ne6 30. Qd2 Rde8 31. f4 Kf8 32. Qd3 Bc8 33. Bg2 Bb7 34. Nb1 Ng7 35. Kh2 Nf5 36. Nd2 Bc8 37. Ndf3 Kg7 38. Rc1 Bb7 39. Bh3 Nh6 40. Ng5 Rf8 41. Rec2 Bxe5 42. fxe5 Qb8 43. Qf3 Ng8 44. Qf4 a5 45. Rc3 a4 46. R1c2 Kh8 47. Rf3 Kg7 48. Qf6+ Nxf6 49. exf6+ Kh8 50. fxe7 Re8 51. Rxf7 Qd6 52. Be6 Qxe6 53. Rf8+ 1-0

[Event "Petrov Memorial op"]
[Site "St Petersburg"]
[Date "2002.02.18"]
[Round "7"]
[White "Loginov, Valery A"]
[Black "Aseev, Konstantin N"]
[Result "1/2-1/2"]
[WhiteElo "2524"]
[BlackElo "2591"]
[PlyCount "36"]
[EventDate "2002.02.12"]
[EventType "swiss"]
[EventRounds "9"]
[EventCountry "RUS"]
[SourceTitle "CBM 086 Extra"]
[Source "ChessBase"]
[SourceDate "2002.03.14"]
[SourceVersion "1"]
[SourceVersionDate "2002.03.14"]
[SourceQuality "1"]

1. Nf3 d5 2. g3 c6 3. Bg2 Bg4 4. c4 e6 5. 0-0 dxc4 6. Na3 Bxa3 7. bxa3 Bxf3 8. Bxf3 b5 9. a4 a6 10. Rb1 Ne7 11. Qc2 Ra7 12. Rd1 0-0 13. Ba3 Rd7 14. Bc5 Qc7 15. d3 cxd3 16. Rxd3 Rxd3 17. Qxd3 Rd8 18. Qc2 Nd5 1/2-1/2

[Event "Petrov Memorial op"]
[Site "St Petersburg"]
[Date "2002.02.14"]
[Round "3"]
[White "Aseev, Konstantin N"]
[Black "Sudakova, Irina"]
[Result "1-0"]
[WhiteElo "2591"]
[BlackElo "2354"]
[PlyCount "49"]
[EventDate "2002.02.12"]
[EventType "swiss"]
[EventRounds "9"]
[EventCountry "RUS"]
[SourceTitle "CBM 086 Extra"]
[Source "ChessBase"]
[SourceDate "2002.03.14"]
[SourceVersion "1"]
[SourceVersionDate "2002.03.14"]
[SourceQuality "1"]

1. d4 d5 2. c4 c6 3. Nf3 e6 4. Nc3 dxc4 5. a4 Bb4 6. e3 b5 7. Bd2 a5 8. axb5 Bxc3 9. Bxc3 cxb5 10. b3 Bb7 11. bxc4 b4 12. Bb2 Nf6 13. Bd3 Nbd7 14. 0-0 0-0 15. Nd2 Re8 16. Bc2 e5 17. Ba4 Qc7 18. d5 Rec8 19. f4 e4 20. Bxd7 Nxd7 21. Nxe4 Nc5 22. Qg4 f5 23. Nf6+ Kf7 24. Qh5+ Ke7 25. Qxh7 1-0

[Event "Heart of Finland op 12th"]
[Site "Jyvaskyla"]
[Date "2002.??.??"]
[Round "6"]
[White "Nouro, Mikael"]
[Black "Aseev, Konstantin N"]
[Result "0-1"]
[WhiteElo "2350"]
[BlackElo "2575"]
[PlyCount "80"]
[EventDate "2002.09.??"]
[EventType "swiss"]
[EventRounds "9"]
[EventCountry "FIN"]
[SourceTitle "EXT 2004"]
[Source "ChessBase"]
[SourceDate "2003.11.25"]
[SourceVersion "1"]
[SourceVersionDate "2003.11.25"]
[SourceQuality "1"]

1. e4 c5 2. Nf3 d6 3. d4 cxd4 4. Nxd4 Nf6 5. Nc3 Nc6 6. f4 e5 7. Nf3 Be7 8. Bc4 Qa5 9. Qd3 0-0 10. 0-0 Be6 11. Bxe6 fxe6 12. Kh1 Nd7 13. Bd2 Nc5 14. Qc4 exf4 15. Nd5 Qa6 16. Qxa6 bxa6 17. Nxe7+ Nxe7 18. e5 Nc6 19. exd6 Rad8 20. Rae1 Rxd6 21. b4 Nd7 22. c4 Nd4 23. Bc3 Nxf3 24. Rxf3 Rc6 25. h4 Nb6 26. b5 Rxc4 27. Rxe6 axb5 28. Re7 Rxc3 29. Rxc3 Nd5 30. Rcc7 Nxc7 31. Rxc7 f3 32. Kg1 a6 33. Ra7 Rf4 34. Rxa6 Rg4 35. Ra5 Rxg2+ 36. Kf1 Rh2 37. Rxb5 Rxh4 38. Rb3 Rh1+ 39. Kf2 Rh2+ 40. Kxf3 Rxa2 0-1

[Event "FIDE-Wch k.o."]
[Site "Moscow"]
[Date "2001.11.27"]
[Round "1.5"]
[White "Kobalia, Mihail"]
[Black "Aseev, Konstantin N"]
[Result "1-0"]
[WhiteElo "2603"]
[BlackElo "2591"]
[PlyCount "43"]
[EventDate "2001.11.27"]
[EventType "k.o."]
[EventRounds "7"]
[EventCountry "RUS"]
[SourceTitle "CBM 086"]
[Source "ChessBase"]
[SourceDate "2002.02.05"]
[SourceVersion "1"]
[SourceVersionDate "2002.02.05"]
[SourceQuality "1"]

1. e4 c5 2. Nf3 d6 3. d4 cxd4 4. Nxd4 Nf6 5. Nc3 g6 6. Be3 Bg7 7. f3 Nc6 8. Qd2 h5 9. 0-0-0 Bd7 10. Kb1 Rc8 11. Nxc6 bxc6 12. Bc4 Qc7 13. Bg5 Rb8 14. Bb3 Bc8 15. Rhe1 Nd7 16. f4 Nc5 17. f5 Nxb3 18. axb3 Be5 19. fxg6 f6 20. Bf4 Qa5 21. Bxe5 Qxe5 22. Ne2 1-0

[Event "EU-ch 2nd"]
[Site "Ohrid"]
[Date "2001.06.13"]
[Round "12"]
[White "Azmaiparashvili, Zurab"]
[Black "Aseev, Konstantin N"]
[Result "1-0"]
[WhiteElo "2670"]
[BlackElo "2577"]
[PlyCount "89"]
[EventDate "2001.06.01"]
[EventType "swiss"]
[EventRounds "13"]
[EventCountry "YUG"]
[SourceTitle "CBM 084"]
[Source "ChessBase"]
[SourceDate "2001.09.13"]
[SourceVersion "1"]
[SourceVersionDate "2001.09.13"]
[SourceQuality "1"]

1. c4 Nf6 2. Nc3 e5 3. g3 Bb4 4. Bg2 0-0 5. Nf3 Re8 6. 0-0 c6 7. d3 h6 8. Bd2 Na6 9. e4 d6 10. h3 Nc7 11. a3 Ba5 12. b4 Bb6 13. Na4 Ne6 14. Nxb6 axb6 15. Kh2 Nc7 16. Bc3 Be6 17. Bb2 Nd7 18. Qc2 f6 19. d4 Bf7 20. Rad1 c5 21. d5 b5 22. Nd2 Bh5 23. f3 Qe7 24. h4 Ra6 25. Rf2 Rea8 26. Bf1 bxc4 27. Nxc4 b5 28. Na5 Rxa5 29. bxa5 Rxa5 30. Bc1 c4 31. Qc3 Ra4 32. Be3 Qd8 33. Bh3 Be8 34. Rb2 Qa8 35. Ra1 Qa6 36. Rb4 Nb6 37. Rxa4 Nxa4 38. Qb4 Kf7 39. f4 Ke7 40. fxe5 fxe5 41. Qd2 Nc5 42. Bg5+ hxg5 43. Qxg5+ Kf7 44. Rf1+ Kg8 45. Qe7 1-0